000 00728nam a2200265Ia 4500
005 20260121170453.0
008 008 260114s9999 xx 000 0 eng d
020 _a9789811300080
037 _aEBOOK
040 _aCRL
040 _beng
040 _cCRL
041 _2eng
041 _aeng
084 _qCRL
100 _aSimon K.S. Cheung, Jeanne Lam, Kam Cheong Li, Oliver Au, Will W.K. Ma, Wai Shing Ho
_91064271
245 0 _aTechnology in Education. Innovative Solutions and Practices
260 _bSpringer
260 _bSpringer
260 _c2018
856 _uhttps://link.springer.com/openurl?genre=book&isbn=978-981-13-0008-0
942 _cEBOOK
999 _c1630000
_d1630000